Statistics for LOL Worlds Semi-finalists by appearances

Click here to take the quiz!

General Stats

  • This quiz has been taken 83 times
  • The average score is 30 of 37

Answer Stats

AppearancesNationalityYear(s)Role(s)Team(s)Answer% Correct
4Poland2016, 2018, 2019, 2020JngH2K(1), G2(3)Jankos
100%
6South Korea2013, 2015, 2016, 2017, 2019, 2021MidT1(6)Faker
99%
3Denmark2018, 2019, 2020MidFNC(1), G2(2)Caps
97%
3Croatia2018, 2019, 2020Mid, ADCG2(3)Perkz
96%
3South Korea2016, 2017, 2021ADCSSG(2),GEN(1)Ruler
96%
2Sweden2015, 2018ADCFNC(2)Rekkles
95%
2South Korea2020, 2021MidDK(2)ShowMaker
95%
3South Korea2013, 2015, 2016JngSKT(3)Bengi
93%
4France2011, 2013, 2015, 2018TopaAa(1),FNC(2), OG(1)sOAZ
93%
2South Korea2020, 2021SupDK(2)BeryL
92%
2South Korea2020, 2021JngDK(2)Canyon
92%
3China2018, 2019, 2020ADCiG(2), TES(1)JackeyLove
92%
3South Korea2015, 2016, 2017SupSKT(3)Wolf
92%
3Denmark2018, 2019, 2020TopG2(3)Wunder
92%
3South Korea2015, 2016, 2017ADCSKT(3)Bang
89%
3Spain2011, 2013, 2015Top, MidFNC(2), OG(1)xPeke
88%
2South Korea2020, 2021ADCDK(2)Ghost
85%
2South Korea2016, 2017JngROX(1), SKT(1)Peanut
85%
3China2013, 2014, 2017ADCRNG(3)Uzi
84%
2Slovenia2019, 2020SupG2(2)Mikyx
82%
2South Korea2018, 2019TopiG(2)TheShy
82%
2South Korea2019, 2020MidiG(2)Rookie
81%
2South Korea2015, 2017TopFNC(1), SKT(1)Huni
80%
3France2011, 2013, 2015ADC, SupaAa(1), FNC(2)YellOwStaR
78%
2South Korea2016, 2017JngSSG(2)Ambition
77%
2South Korea2019, 2021TopSKT(1), DK(1)Khan
76%
2South Korea2016, 2017MidSSG(2)Crown
73%
2South Korea2016, 2018TopSKT(1), iG(1)Duke
73%
2China2019, 2020SupiG(2)Baolan
70%
3South Korea2013, 2015, 2016ADCNJBS(1), ROX(2)PraY
66%
2South Korea2016, 2017TopSSG(2)CuVee
65%
2Finland2011, 2013JngFNC(2)Cyanide
64%
2South Korea2015, 2016TopROX(2)Smeb
62%
2South Korea2019, 2021JngSKT(1), GEN(1)Clid
61%
2South Korea2015, 2016SupROX(2)GorillA
61%
2South Korea2016, 2017JngSKT(2)Blank
55%
2South Korea2015, 2016MidROX(2)Kuro
50%

Score Distribution

Percentile by Number Answered

Percent of People with Each Score

Your Score History

You have not taken this quiz